[Event "BCF-ch U14 rapid"]
[Site "Hull"]
[Date "2024.07.26"]
[Round "3"]
[White "Mouskos, Mia"]
[Black "Xu, Jiarui"]
[Result "1/2-1/2"]
[WhiteElo "1520"]
[BlackElo "1678"]
[PlyCount "87"]
[EventDate "2024.07.26"]
[EventType "swiss (rapid)"]
[EventRounds "9"]
[EventCountry "ENG"]
[SourceTitle "CBM 221 Extra"]
[Source "ChessBase"]
[SourceDate "2024.09.30"]
[SourceVersion "1"]
[SourceVersionDate "2024.09.30"]
[SourceQuality "1"]

1. e4 e5 2. Nf3 Nc6 3. d4 exd4 4. Nxd4 d6 5. Nc3 Nf6 6. Bc4 Be7 7. 0-0 0-0 8. Be3 h6 9. Re1 Ne5 10. Be2 a6 11. h3 Re8 12. Nf3 Ng6 13. Bd4 Be6 14. Bd3 c5 15. Be3 Qc7 16. Qd2 Rad8 17. a3 d5 18. exd5 Nxd5 19. Nxd5 Rxd5 20. Qe2 Nf4 21. Bxf4 Qxf4 22. Bc4 Rd6 23. Bxe6 Rxe6 24. Qd3 Bf6 25. Rxe6 Rxe6 26. c3 Rd6 27. Qe2 b5 28. Rd1 Re6 29. Qd3 c4 30. Qd5 g6 31. Qa8+ Kg7 32. Qd5 g5 33. Qd2 Qc7 34. Re1 Rd6 35. Qc2 Qd7 36. Qe2 a5 37. Qc2 Rd5 38. Qe2 Qd6 39. Qc2 Rd3 40. Qe2 b4 41. axb4 axb4 42. cxb4 Qxb4 43. Ne5 Rb3 44. Nxc4 1/2-1/2

[Event "BCF-ch U14 rapid"]
[Site "Hull"]
[Date "2024.07.26"]
[Round "4"]
[White "Pandya, Dhairya"]
[Black "Mouskos, Mia"]
[Result "0-1"]
[WhiteElo "1834"]
[BlackElo "1520"]
[PlyCount "126"]
[EventDate "2024.07.26"]
[EventType "swiss (rapid)"]
[EventRounds "9"]
[EventCountry "ENG"]
[SourceTitle "CBM 221 Extra"]
[Source "ChessBase"]
[SourceDate "2024.09.30"]
[SourceVersion "1"]
[SourceVersionDate "2024.09.30"]
[SourceQuality "1"]

1. e4 e6 2. d4 d5 3. exd5 exd5 4. Bf4 Nf6 5. Bd3 Bd6 6. Ne2 0-0 7. 0-0 Bg4 8. f3 Be6 9. Bg5 Nbd7 10. c3 c6 11. Qc2 Qc7 12. f4 Bg4 13. Ng3 h6 14. Bxf6 Nxf6 15. Qf2 Bd7 16. Nd2 Rfe8 17. Nf5 Bxf5 18. Bxf5 Re7 19. g3 Rae8 20. Rae1 c5 21. Nf3 cxd4 22. cxd4 Bb4 23. Rc1 Qb6 24. Ne5 Bd6 25. Rc2 Rc7 26. Rfc1 Rxc2 27. Rxc2 a6 28. a3 g6 29. Bh3 Ne4 30. Qe3 Bxe5 31. fxe5 Rxe5 32. Qxh6 Qxd4+ 33. Kg2 Re8 34. Qf4 Qd1 35. Rc7 Qe2+ 36. Kg1 Rf8 37. Bf1 Qxb2 38. Bd3 Qd4+ 39. Kg2 Qxd3 40. Rxb7 Qxa3 41. Qe5 Qa2+ 42. Kh3 Nf2+ 43. Kh4 Qc4+ 44. Qf4 Qxf4+ 45. gxf4 Rd8 46. Rb2 Ne4 47. Ra2 Rd6 48. Kg4 f5+ 49. Kf3 d4 50. Ra1 d3 51. Rd1 d2 52. h4 Nc3 53. Rxd2 Rxd2 54. h5 gxh5 55. Kg3 a5 56. Kh4 a4 57. Kxh5 a3 58. Kg5 a2 59. Kf6 a1Q 60. Kg6 Rd6+ 61. Kg5 Qg1+ 62. Kxf5 Qg6+ 63. Ke5 Qe6# 0-1

[Event "British Rapidplay"]
[Site "Peterborough"]
[Date "2024.03.03"]
[Round "9"]
[White "Mouskos, Mia"]
[Black "Graham, Neil"]
[Result "1/2-1/2"]
[WhiteElo "1662"]
[BlackElo "1824"]
[PlyCount "32"]
[EventDate "2024.03.02"]
[EventType "swiss (rapid)"]
[EventRounds "11"]
[EventCountry "ENG"]
[SourceTitle "CBM 219 Extra"]
[Source "ChessBase"]
[SourceDate "2024.05.31"]
[SourceVersion "1"]
[SourceVersionDate "2024.05.31"]
[SourceQuality "1"]

1. e4 e5 2. Nf3 Nf6 3. Nxe5 d6 4. Nf3 Nxe4 5. d4 d5 6. Bd3 Be7 7. 0-0 Nc6 8. Re1 Bg4 9. c3 f5 10. Bf4 0-0 11. h3 Bh5 12. Be2 Bd6 13. Bxd6 Qxd6 14. Ne5 Bxe2 15. Qxe2 Rae8 16. f4 Re6 1/2-1/2

[Event "BCF-chT4S 2324 (4NCL)"]
[Site "England"]
[Date "2024.02.11"]
[Round "6.94"]
[White "David, Barry AH"]
[Black "Mouskos, Mia"]
[Result "1-0"]
[WhiteElo "1683"]
[BlackElo "1433"]
[PlyCount "63"]
[EventDate "2024.02.11"]
[EventType "team-swiss"]
[EventRounds "11"]
[EventCountry "ENG"]
[SourceTitle "EXT 2025"]
[Source "ChessBase"]
[SourceDate "2024.10.14"]
[SourceVersion "1"]
[SourceVersionDate "2024.10.14"]
[SourceQuality "1"]
[WhiteTeam "English Deaf Chess Assoc"]
[BlackTeam "She Plays To Win Young Stars"]
[WhiteTeamCountry "ENG"]
[BlackTeamCountry "ENG"]

1. e4 e6 2. d4 d5 3. e5 c5 4. c3 Nc6 5. Nf3 Bd7 6. Bd3 Rc8 7. 0-0 cxd4 8. cxd4 Nb4 9. Nc3 Nxd3 10. Qxd3 Ne7 11. a3 a6 12. Bf4 Nf5 13. Rfd1 Qb6 14. b4 Be7 15. Rac1 0-0 16. g4 Nh4 17. Nxh4 Bxh4 18. g5 Qd8 19. Qd2 f6 20. gxf6 gxf6 21. Kh1 fxe5 22. Rg1+ Kh8 23. Bxe5+ Bf6 24. f4 Bxe5 25. fxe5 Be8 26. Qh6 Qe7 27. Nxd5 Bc6 28. Rxc6 exd5 29. Re6 Qd7 30. Rxa6 Qe7 31. Rag6 Rf7 32. e6 1-0

[Event "BCF-chT4S 2324 (4NCL)"]
[Site "England"]
[Date "2024.01.06"]
[Round "3.124"]
[White "Mouskos, Mia"]
[Black "Rughani, Mahin"]
[Result "0-1"]
[WhiteElo "1486"]
[BlackElo "1687"]
[PlyCount "80"]
[EventDate "2024.02.11"]
[EventType "team-swiss"]
[EventRounds "11"]
[EventCountry "ENG"]
[SourceTitle "EXT 2025"]
[Source "ChessBase"]
[SourceDate "2024.10.14"]
[SourceVersion "1"]
[SourceVersionDate "2024.10.14"]
[SourceQuality "1"]
[WhiteTeam "She Plays To Win Young Stars"]
[BlackTeam "Apprentice Woodpushers"]
[WhiteTeamCountry "ENG"]
[BlackTeamCountry "ENG"]

1. e4 c6 2. Nf3 d5 3. Nc3 Bg4 4. exd5 cxd5 5. d4 Nc6 6. Be3 e6 7. Be2 Nf6 8. 0-0 Be7 9. Re1 0-0 10. h3 Bh5 11. Nd2 Bg6 12. a3 a6 13. Nf3 Rc8 14. Nh4 Be4 15. Bd3 b5 16. Nf3 h6 17. Bf4 Bxf3 18. Qxf3 Nxd4 19. Qd1 Nc6 20. Qe2 Na5 21. Rab1 Nc4 22. a4 b4 23. Nd1 a5 24. Bxc4 Rxc4 25. Be5 Bd6 26. Bxd6 Qxd6 27. Ne3 Rc5 28. Rbd1 Qc6 29. Rd3 Qxa4 30. Red1 Qb5 31. Qd2 Ne4 32. Qe1 Ra8 33. Rb3 Rc6 34. Rd4 Nc5 35. Rbxb4 axb4 36. Rxb4 Qa6 37. Rd4 Qa1 38. Rd1 Qxb2 39. Rb1 Qe5 40. Qb4 Ra1 0-1